| Record ID | marc_loc_2016/BooksAll.2016.part23.utf8:7820835:1006 |
| Source | Library of Congress |
| Download Link | /show-records/marc_loc_2016/BooksAll.2016.part23.utf8:7820835:1006?format=raw |
LEADER: 01006cam a2200301 a 4500
001 93147957
003 DLC
005 20090521082825.0
008 930430s1993 gw b 000 0 ger
010 $a 93147957
020 $a389438056X
040 $aDLC$cDLC
043 $aec-----
050 00 $aDD74$b.H46 1993
100 1 $aHenle, Manfred,$d1946-
245 10 $a(R) Ausländer aus :$bArgumente gegen Rechtsextremismus und Rassismus /$cManfred Henle ; Moby Dick-Arbeitsgruppe, Stadtjugendring Augsburg.
260 $aKöln :$bPapyRossa,$cc1993.
300 $a144 p. ;$c19 cm.
440 0 $aNeue kleine Bibliothek ;$v32
504 $aIncludes bibliographical references (p. 141-144).
650 0 $aRacism$zEurope, German-speaking.
650 0 $aRacism.
650 0 $aEurope, German-speaking$xRace relations.
650 0 $aAliens$zEurope, German-speaking.
650 0 $aRace relations.
650 0 $aAliens.
710 2 $aStadtjugendring Augsburg.$bMobyDick-Arbeitsgruppe.
740 0 $aAusländer aus.